Movies Quiz

Random Movies or Star Wars Quiz

Star Wars Darths Quiz Stats

 Plays Quiz Updated Dec 6, 2017

Challenge
Share
Tweet
Embed
Score 0/5 Timer 01:00
0 Plays Today
% Correct
Vader
99%
Maul
95.6%
Sidious
80.5%
Plagueis
34.6%
Tyranus
34.1%

You're not logged in!

Compare scores with friends on all Sporcle quizzes.
OR
Log In

You Might Also Like...

Show Comments

Extras

Top Quizzes Today


Score Distribution

Your Account Isn't Verified!

In order to create a playlist on Sporcle, you need to verify the email address you used during registration. Go to your Sporcle Settings to finish the process.

Report this User

Report this user for behavior that violates our Community Guidelines.

Details: